[Event "Titled Tue 10th Jun Early"]
[Site "chess.com INT"]
[Date "2025.06.10"]
[Round "4"]
[White "Kozlov, Oleg"]
[Black "Askarov, Bakhtiyar"]
[Result "1-0"]
[WhiteTitle "IM"]
[BlackTitle "IM"]
[WhiteElo "2253"]
[BlackElo "2297"]
[WhiteFideId "4104544"]
[BlackFideId "13701100"]
[EventDate "2025.06.10"]

1. d4 d5 2. c4 e6 3. Nf3 Nf6 4. g3 c6 5. Bg2 Bb4+ 6. Nbd2 dxc4 7. O-O b5 8. Qc2
Bb7 9. b3 cxb3 10. Nxb3 Nbd7 11. Ne5 Nxe5 12. dxe5 Nd5 13. Rd1 Qe7 14. a3 c5 15.
axb4 cxb4 16. Qc5 Qxc5 17. Nxc5 Bc6 18. Ra6 Rc8 19. Rxa7 O-O 20. Nd3 Nc3 21. Re1
Bxg2 22. Kxg2 b3 23. Ra3 Rfd8 24. Rxb3 Rd5 25. Bd2 Na4 26. Reb1 Rb8 27. Bb4 h6
28. Bd6 Rb7 29. Nf4 Rd2 30. Rxb5 Rxb5 31. Rxb5 Nc3 32. Rb8+ Kh7 33. Bb4 Rc2 34.
Rc8 1-0

[Event "Titled Tue 10th Jun Early"]
[Site "chess.com INT"]
[Date "2025.06.10"]
[Round "4"]
[White "Kuzmin, Roman"]
[Black "Cahaya, Satria Duta"]
[Result "0-1"]
[WhiteTitle "FM"]
[BlackTitle "FM"]
[WhiteElo "2203"]
[BlackElo "2386"]
[WhiteFideId "44134932"]
[BlackFideId "7124252"]
[EventDate "2025.06.10"]

1. e4 e5 2. Nf3 Nc6 3. Bb5 a6 4. Ba4 Nf6 5. O-O b5 6. Bb3 Bc5 7. c3 d6 8. d4 Bb6
9. h3 O-O 10. Be3 Bb7 11. d5 Ne7 12. Bxb6 cxb6 13. Nbd2 Ng6 14. a4 bxa4 15. Bxa4
Nf4 16. Kh2 Qc8 17. Bc2 a5 18. c4 Nd7 19. g3 Ng6 20. h4 Nc5 21. h5 Ne7 22. Nh4
Qd7 23. f4 f6 24. Qf3 Ba6 25. Rg1 b5 26. Rxa5 bxc4 27. Rga1 Qb7 28. R1a2 Qb6 29.
Qg4 Bc8 30. Nf5 Bxf5 31. exf5 Rxa5 32. Nxc4 Qb4 33. Nxa5 Qd2+ 34. Kh3 Qxc2 35.
h6 Qxf5 36. b4 Nd3 0-1

[Event "Titled Tue 10th Jun Early"]
[Site "chess.com INT"]
[Date "2025.06.10"]
[Round "4"]
[White "Birkisson, Bardur Orn"]
[Black "Haddouche, Mohamed"]
[Result "0-1"]
[WhiteTitle "FM"]
[BlackTitle "GM"]
[WhiteElo "2280"]
[BlackElo "2490"]
[WhiteFideId "2310597"]
[BlackFideId "7900660"]
[EventDate "2025.06.10"]

1. d4 Nf6 2. Nf3 g6 3. Bg5 Bg7 4. c3 O-O 5. Nbd2 d6 6. e4 c5 7. dxc5 dxc5 8. Bc4
h6 9. Bxf6 exf6 10. O-O Nc6 11. Qc2 f5 12. Rad1 Qc7 13. exf5 Bxf5 14. Bd3 Bd7
15. a4 a6 16. Ne4 Na5 17. Rfe1 Rad8 18. Ned2 b5 19. axb5 axb5 20. Be4 Rfe8 21.
Nf1 Be6 22. Rxd8 Qxd8 23. Ne3 Nc4 24. Nxc4 Bxc4 25. Rd1 Qe7 26. Bd3 Bxd3 27.
Qxd3 b4 28. h3 Qf6 29. cxb4 cxb4 30. b3 Qc3 31. Qxc3 bxc3 32. Rc1 Rb8 33. Rc2
Rxb3 34. Kf1 Kf8 35. Ke2 Ke7 36. Kd3 Rb6 37. Re2+ Kd7 0-1

[Event "Titled Tue 10th Jun Early"]
[Site "chess.com INT"]
[Date "2025.06.10"]
[Round "4"]
[White "Vandan Alankar Sawai"]
[Black "Andrade, Ivan"]
[Result "0-1"]
[WhiteTitle "CM"]
[BlackTitle "FM"]
[WhiteElo "1955"]
[BlackElo "2144"]
[WhiteFideId "25973096"]
[BlackFideId "14800039"]
[EventDate "2025.06.10"]

1. e4 c5 2. Nf3 d6 3. d4 cxd4 4. Nxd4 Nf6 5. Nc3 a6 6. Bg5 e6 7. f4 Be7 8. Qf3
Qc7 9. O-O-O Nbd7 10. f5 e5 11. Bxf6 Nxf6 12. Nde2 b5 13. Nd5 Nxd5 14. exd5 Bb7
15. Ng3 Rc8 16. Bd3 Qc5 17. Be4 Bf6 18. Nh5 Bg5+ 19. Kb1 Bh6 20. g4 f6 21. h4
Rc7 22. Rhg1 Be3 23. Rge1 Bf2 24. Rh1 Qe3 25. Qxe3 Bxe3 26. Rh3 Bb6 27. g5 O-O
28. Rg3 Kh8 29. b3 Bf2 30. Rg4 Bc8 31. Rf1 Bd4 32. g6 h6 33. Ng3 Bb7 34. Ne2 Bb6
35. Rg3 Rfc8 36. c3 Rc5 37. Rd1 a5 38. Kb2 b4 39. c4 a4 40. Nc1 axb3 41. axb3
Ra5 42. Rg2 Rca8 43. Bb1 Bd4+ 44. Kc2 Ra1 45. Ne2 Bc5 46. Nc1 Kg8 47. Nd3 Bd4
48. Nxb4 Bc8 49. Rf1 Rxb1 50. Kxb1 Ra1+ 51. Kc2 Rxf1 52. Nc6 Kf8 53. b4 Bxf5+
54. Kb3 Rf2 55. Rg1 Rf3+ 0-1

[Event "Titled Tue 10th Jun Early"]
[Site "chess.com INT"]
[Date "2025.06.10"]
[Round "4"]
[White "Tikhonov, Viacheslav"]
[Black "Osinovsky, Stepan"]
[Result "1-0"]
[WhiteTitle "CM"]
[BlackTitle "FM"]
[WhiteElo "2183"]
[BlackElo "2240"]
[WhiteFideId "44196407"]
[BlackFideId "4157354"]
[EventDate "2025.06.10"]

1. e4 e5 2. Nf3 Nc6 3. Bc4 Nf6 4. Ng5 d5 5. exd5 b5 6. Bf1 Nd4 7. c3 Nxd5 8.
cxd4 Qxg5 9. Bxb5+ Kd8 10. O-O Bb7 11. Qf3 Rb8 12. dxe5 Ne3 13. Qh3 Qxg2+ 14.
Qxg2 Nxg2 15. d4 f6 16. f4 g5 17. Nc3 gxf4 18. exf6 Rg8 19. Kf2 c5 20. d5 c4 21.
Bxc4 Bc5+ 22. Kf3 Nh4+ 23. Kxf4 Bc8 24. Ke4 Rb4 25. b3 1-0

[Event "Titled Tue 10th Jun Early"]
[Site "chess.com INT"]
[Date "2025.06.10"]
[Round "4"]
[White "Leinov, Roman"]
[Black "Fisabilillah, Ummi"]
[Result "0-1"]
[WhiteTitle "CM"]
[BlackTitle "WIM"]
[WhiteElo "2120"]
[BlackElo "2153"]
[WhiteFideId "13504649"]
[BlackFideId "7104804"]
[EventDate "2025.06.10"]

1. Nf3 Nf6 2. g3 c6 3. Bg2 d5 4. O-O Bf5 5. d3 Nbd7 6. Nbd2 e6 7. e4 dxe4 8.
dxe4 Nxe4 9. Nd4 Nxd2 10. Bxd2 Bg6 11. Qe2 Bc5 12. Nb3 O-O 13. Rfd1 Bxc2 14.
Nxc5 Nxc5 15. Rdc1 Bd3 16. Qe3 Na6 17. Bc3 Bg6 18. Qe5 f6 19. Qxe6+ Bf7 20. Qg4
Nc7 21. Rd1 Nd5 22. b3 Qe7 23. Re1 Qc5 24. Bd4 Qd6 25. Rad1 Rae8 26. Rxe8 Rxe8
27. Bxa7 h5 28. Qd4 Qa3 29. Rd2 Re1+ 30. Bf1 Qa6 31. Rd3 Bg6 32. Kg2 Rxf1 33.
Kxf1 Qxd3+ 34. Kg2 Qxd4 35. Bxd4 Nb4 36. a3 Nd5 37. f3 Kf7 38. Kf2 Ke6 39. Ke2
Bc2 40. b4 Ba4 41. Kd2 Nc7 42. Bc5 Nb5 43. Bf8 g6 0-1

[Event "Titled Tue 10th Jun Early"]
[Site "chess.com INT"]
[Date "2025.06.10"]
[Round "4"]
[White "Vasquez Schroeder, Rodrigo"]
[Black "Loay, Sameer"]
[Result "1-0"]
[WhiteTitle "GM"]
[BlackTitle "IM"]
[WhiteElo "2446"]
[BlackElo "2251"]
[WhiteFideId "3400042"]
[BlackFideId "8104239"]
[EventDate "2025.06.10"]

1. e4 g6 2. d4 Bg7 3. Nf3 d6 4. Bc4 Nf6 5. Qe2 c6 6. e5 dxe5 7. dxe5 Nd5 8. h3
O-O 9. O-O b5 10. Bb3 a5 11. Rd1 e6 12. a4 b4 13. Nbd2 Nd7 14. Bc4 Qc7 15. Re1
N7b6 16. Bb3 Ba6 17. Qe4 Nd7 18. Bc4 Bb7 19. Qe2 c5 20. Bb5 Nf4 21. Qe3 Nd5 22.
Qg5 h6 23. Qg3 Bc6 24. Bd3 N7b6 25. b3 Nc3 26. Bb2 Rfd8 27. Bxc3 bxc3 28. Ne4
Bxe4 29. Bxe4 Rac8 30. h4 h5 31. Re3 Nd5 32. Bxd5 Rxd5 33. Rae1 Qb6 34. Rxc3
Rcd8 35. Rc4 Rd1 36. Rxd1 Rxd1+ 37. Kh2 Qc6 38. Qf4 Qd5 39. Qe3 Ra1 40. Rxc5 Qd1
41. Rc8+ Bf8 42. Qh6 1-0

[Event "Titled Tue 10th Jun Early"]
[Site "chess.com INT"]
[Date "2025.06.10"]
[Round "4"]
[White "Bruhovich, Olexandr"]
[Black "Van Baar, Esper"]
[Result "1-0"]
[WhiteTitle "CM"]
[BlackTitle "FM"]
[WhiteElo "2208"]
[BlackElo "2232"]
[WhiteFideId "14119919"]
[BlackFideId "1049321"]
[EventDate "2025.06.10"]

1. e4 c5 2. c3 e5 3. d4 cxd4 4. cxd4 exd4 5. Nf3 Nc6 6. Nxd4 Nf6 7. Nxc6 bxc6 8.
Bd3 Bb4+ 9. Bd2 Bxd2+ 10. Nxd2 O-O 11. O-O d5 12. exd5 cxd5 13. Rc1 Be6 14. Nb3
a5 15. Nd4 Rc8 16. Nc6 Qd6 17. Nxa5 Ra8 18. Qd2 Ng4 19. g3 Ne5 20. Be2 Bh3 21.
Rfd1 Qf6 22. f4 Ng4 23. b4 Rfe8 24. Bf3 Rab8 25. Re1 d4 26. a3 Ne3 27. Nc6 Rbc8
28. Nxd4 Rxc1 29. Rxc1 Ng4 30. b5 Rd8 31. Rd1 Nh6 32. Qf2 Nf5 33. Nxf5 Rxd1+ 34.
Bxd1 Bxf5 35. b6 Be4 36. Qe3 1-0

[Event "Titled Tue 10th Jun Early"]
[Site "chess.com INT"]
[Date "2025.06.10"]
[Round "4"]
[White "Carlsen, Magnus"]
[Black "Shimanov, Aleksandr"]
[Result "1-0"]
[WhiteTitle "GM"]
[BlackTitle "GM"]
[WhiteElo "2837"]
[BlackElo "2578"]
[WhiteFideId "1503014"]
[BlackFideId "4198603"]
[EventDate "2025.06.10"]

1. d4 d5 2. c4 dxc4 3. e4 e5 4. Nf3 Bb4+ 5. Nc3 Nf6 6. Bxc4 exd4 7. Nxd4 O-O 8.
f3 Nbd7 9. Be3 Ne5 10. Be2 Qe7 11. O-O Rd8 12. Qc1 c6 13. Rd1 h6 14. a3 Bd6 15.
Bf2 Ng6 16. g3 Bh3 17. Bf1 Bxf1 18. Kxf1 Be5 19. Kg2 Rd7 20. Nf5 Qe6 21. Rxd7
Nxd7 22. Qd2 Nb6 23. Rd1 Nc4 24. Qc2 Qe8 25. a4 Ne7 26. Nxe7+ Qxe7 27. b3 Nd6
28. Ne2 g6 29. Qd3 f5 30. f4 fxe4 31. Qd2 e3 32. Qxe3 Bf6 33. Qxe7 Bxe7 34. Bc5
Rd8 35. Bxa7 Kf7 36. Kf3 h5 37. Bc5 Nf5 38. Rxd8 Bxd8 39. h3 Ke6 40. Ke4 Bf6 41.
g4 hxg4 42. hxg4 Nh4 43. Bf2 Be7 44. Nd4+ Kf7 45. g5 1-0

[Event "Titled Tue 10th Jun Early"]
[Site "chess.com INT"]
[Date "2025.06.10"]
[Round "4"]
[White "Andriienko, Artom"]
[Black "Arabidze, Meri"]
[Result "0-1"]
[BlackTitle "IM"]
[WhiteElo "2151"]
[BlackElo "2440"]
[WhiteFideId "34129510"]
[BlackFideId "13604040"]
[EventDate "2025.06.10"]

1. e4 c5 2. Nf3 e6 3. c3 Nf6 4. e5 Nd5 5. d4 cxd4 6. cxd4 b6 7. Nc3 Bb7 8. Bd3
Be7 9. O-O Nxc3 10. bxc3 O-O 11. Bf4 g6 12. Qe2 d6 13. Rfd1 Nc6 14. h4 dxe5 15.
dxe5 Qc7 16. h5 Rfd8 17. Qc2 Kg7 18. Be4 Na5 19. Rd6 Nc4 20. Rad1 Rac8 21. Bxb7
Qxb7 22. Qc1 Kg8 23. Bg5 Nxd6 24. exd6 Rxd6 25. Rxd6 Bxd6 26. hxg6 hxg6 27. Bf6
Bf8 28. Qg5 Qd5 29. Qh4 Qh5 30. Qd4 Rc5 31. Ne5 Rd5 32. Qe4 Rd1+ 0-1

[Event "Titled Tue 10th Jun Early"]
[Site "chess.com INT"]
[Date "2025.06.10"]
[Round "4"]
[White "Mummana Venkata Ruthvik"]
[Black "Kapra, Jerjis"]
[Result "1-0"]
[WhiteTitle "CM"]
[WhiteElo "2237"]
[BlackElo "2055"]
[WhiteFideId "25697307"]
[BlackFideId "2640341"]
[EventDate "2025.06.10"]

1. Nf3 d6 2. g3 e5 3. Bg2 f5 4. O-O Nf6 5. d3 Be7 6. c4 O-O 7. Nc3 a5 8. e4 Qe8
9. exf5 Bxf5 10. d4 e4 11. Nd2 Nc6 12. Ndxe4 Qg6 13. Nxf6+ Bxf6 14. Be3 Bd3 15.
Bd5+ Kh8 16. Re1 Nxd4 17. Ne4 Bc2 18. Bxd4 Bxd1 19. Nxf6 Bc2 20. Nd7 Rfe8 21.
Bxb7 Rxe1+ 22. Rxe1 Re8 23. Rc1 Be4 24. Bd5 c5 25. Bc3 Bxd5 26. cxd5 Qf7 27. Nb6
Re2 28. Rf1 Qxd5 29. Nxd5 h6 30. Nf4 Re8 31. Rd1 Rd8 32. Nd5 Rd7 33. Kg2 Kg8 34.
f4 Kf7 35. Kf3 Rb7 36. Ne3 a4 37. Rxd6 1-0

[Event "Titled Tue 10th Jun Early"]
[Site "chess.com INT"]
[Date "2025.06.10"]
[Round "4"]
[White "Chen, Yidong"]
[Black "Skliarov, Viktor"]
[Result "0-1"]
[BlackTitle "IM"]
[WhiteElo "2074"]
[BlackElo "2334"]
[WhiteFideId "8607028"]
[BlackFideId "14106736"]
[EventDate "2025.06.10"]

1. e4 c5 2. Nf3 Nc6 3. Bb5 e6 4. Bxc6 bxc6 5. d3 Ne7 6. e5 Ng6 7. h4 h5 8. Nbd2
f6 9. Nc4 Ba6 10. Qe2 Qb8 11. exf6 gxf6 12. g3 Kf7 13. b3 d5 14. Ne3 Bd6 15. Bb2
Ne5 16. O-O-O Nxf3 17. Qxf3 Be5 18. d4 cxd4 19. Bxd4 Bxd4 20. Rxd4 Qe5 21. Qf4
Qxf4 22. Rxf4 e5 23. Ra4 Bb5 24. Ra5 Be2 25. Kb2 Bf3 26. Re1 Ke6 27. Ra6 d4 28.
Nc4 Bd5 29. Na5 Kd7 30. b4 Rhb8 31. a3 Rb6 32. Rxb6 axb6 33. Nb3 b5 34. Nc5+ Kd6 0-1

[Event "Titled Tue 10th Jun Early"]
[Site "chess.com INT"]
[Date "2025.06.10"]
[Round "4"]
[White "Alonso Rosell, Alvar"]
[Black "Tifferet, Shakked"]
[Result "1-0"]
[WhiteTitle "GM"]
[BlackTitle "FM"]
[WhiteElo "2536"]
[BlackElo "2322"]
[WhiteFideId "2270544"]
[BlackFideId "2811529"]
[EventDate "2025.06.10"]

1. d4 Nc6 2. Nf3 d6 3. g3 e5 4. d5 Nce7 5. h4 Nf6 6. c4 g6 7. Nc3 Bg7 8. e4 Bg4
9. Bh3 Bxh3 10. Rxh3 Qd7 11. Rh1 c6 12. Kf1 cxd5 13. cxd5 O-O 14. a4 Nh5 15. Kg2
f5 16. Ng5 f4 17. Ne6 f3+ 18. Kg1 Rf6 19. g4 Rxe6 20. dxe6 Qxe6 21. Qxf3 Rf8 22.
Qe2 Nf6 23. f3 d5 24. Bg5 dxe4 25. Nxe4 Nfd5 26. Kh2 h6 27. Bd2 Kh7 28. Rhf1 Nc6
29. Rae1 Nd4 30. Qd3 Qe7 31. Kg3 Qd8 32. h5 gxh5 33. Nf6+ Kh8 34. Qh7# 1-0

[Event "Titled Tue 10th Jun Early"]
[Site "chess.com INT"]
[Date "2025.06.10"]
[Round "4"]
[White "Goryachkina, Aleksandra"]
[Black "Atis, Hasan"]
[Result "0-1"]
[WhiteTitle "GM"]
[BlackTitle "CM"]
[WhiteElo "2533"]
[BlackElo "2089"]
[WhiteFideId "4147103"]
[BlackFideId "44598017"]
[EventDate "2025.06.10"]

1. e4 c5 2. Nf3 e6 3. d4 cxd4 4. Nxd4 Nc6 5. Nc3 Qc7 6. Be2 a6 7. O-O Nf6 8.
Nxc6 dxc6 9. a4 e5 10. Bc4 Bc5 11. Bg5 h6 12. Bxf6 gxf6 13. Qf3 Ke7 14. Qh5 Rh7
15. Kh1 Bd7 16. f4 Rg8 17. f5 Rg5 18. Qf3 h5 19. Rad1 h4 20. Rd2 Bc8 21. Rfd1
Rh8 22. Na2 a5 23. Nc1 Qb6 24. Nd3 Be3 25. Re2 Bc5 26. Nxc5 Qxc5 27. Qb3 Rg3 28.
Qa2 Rh7 29. h3 Rhg7 30. c3 b6 31. Red2 Qe3 32. Qa3+ c5 33. Bf1 Rxh3+ 0-1

[Event "Titled Tue 10th Jun Early"]
[Site "chess.com INT"]
[Date "2025.06.10"]
[Round "4"]
[White "Simonovic, Miroslav"]
[Black "Allahverdiyeva, Ayan"]
[Result "0-1"]
[WhiteTitle "CM"]
[BlackTitle "WIM"]
[WhiteElo "2092"]
[BlackElo "2308"]
[WhiteFideId "919152"]
[BlackFideId "13412590"]
[EventDate "2025.06.10"]

1. d4 d5 2. Bg5 h6 3. Bh4 g5 4. Bg3 Nf6 5. e3 Ne4 6. Nd2 Nxg3 7. hxg3 Bg7 8. c4
c5 9. dxc5 Bxb2 10. Rb1 Bg7 11. Nb3 Bc3+ 12. Ke2 dxc4 13. Qxd8+ Kxd8 14. Rc1
cxb3 15. Rxc3 bxa2 16. Ra3 Be6 17. Nf3 Nc6 18. Nd4 Nxd4+ 19. exd4 Kc7 20. Kd3 b6
21. Kc3 bxc5 22. dxc5 Rhb8 23. Bd3 a5 24. Ra1 a4 25. Bc4 Rb1 26. R1xa2 Rc1+ 27.
Rc2 Rxc2+ 28. Kxc2 Bxc4 29. Kc3 Bb3 30. Kb2 Kc6 31. Ra1 Kxc5 32. Ka3 Rd8 33.
Rc1+ Kb6 34. Re1 e6 35. Re2 Rd1 36. Kb4 Rb1 37. Ka3 Kb5 38. Re5+ Kc4 39. f4 Ra1+
40. Kb2 Ra2+ 41. Kb1 Rxg2 42. fxg5 hxg5 43. Rxg5 a3 44. Ra5 Rg1# 0-1

[Event "Titled Tue 10th Jun Early"]
[Site "chess.com INT"]
[Date "2025.06.10"]
[Round "4"]
[White "Kawka, Milena"]
[Black "Gavarrete, Nahun"]
[Result "1-0"]
[WhiteTitle "WCM"]
[BlackTitle "FM"]
[WhiteElo "2003"]
[BlackElo "2281"]
[WhiteFideId "21095167"]
[BlackFideId "8400709"]
[EventDate "2025.06.10"]

1. e4 e5 2. Nf3 Nc6 3. Bb5 Nf6 4. d3 d6 5. c3 a6 6. Bxc6+ bxc6 7. O-O Be7 8. Re1
O-O 9. h3 Re8 10. Nbd2 Bf8 11. Nf1 Bb7 12. Ng3 g6 13. Be3 Bg7 14. Qd2 c5 15. Bg5
Qd7 16. Bh6 Re6 17. Bxg7 Kxg7 18. Ng5 Re7 19. f4 Rae8 20. Rf1 h6 21. Nf3 Re6 22.
f5 R6e7 23. fxg6 fxg6 24. Nh4 Rf7 25. Rf3 Ref8 26. Raf1 Ng8 27. d4 Qe6 28. d5
Qd7 29. Qe2 Rxf3 30. Rxf3 Rxf3 31. Qxf3 Qf7 32. Qg4 Kh7 33. Nf3 Qf4 34. Qd7+ Kh8
35. Kh2 Qf8 36. Nh4 Qc8 37. Nxg6# 1-0

[Event "Titled Tue 10th Jun Early"]
[Site "chess.com INT"]
[Date "2025.06.10"]
[Round "4"]
[White "Banerjee, Supratit"]
[Black "Dyulgerov, Volen"]
[Result "1-0"]
[WhiteTitle "FM"]
[BlackTitle "CM"]
[WhiteElo "2311"]
[BlackElo "2200"]
[WhiteFideId "2410079"]
[BlackFideId "2918978"]
[EventDate "2025.06.10"]

1. e4 e5 2. Nf3 d5 3. Nxe5 Nf6 4. exd5 Qxd5 5. d4 Nc6 6. Nxc6 Qxc6 7. Nc3 Bb4 8.
Qe2+ Ne4 9. Bd2 Bxc3 10. Bxc3 O-O 11. Bb4 Re8 12. O-O-O Ng3 13. Qxe8+ Qxe8 14.
hxg3 Bf5 15. Bd3 Bxd3 16. Rxd3 Qe2 17. Rf3 Qc4 18. Bc3 Qxa2 19. Re1 a5 20. Kd2
Rd8 21. b3 Qa3 22. Rfe3 h6 23. Ra1 Qd6 24. Rxa5 c5 25. Rd3 Qf6 26. Rxc5 Qxf2+
27. Kc1 Qxg2 28. d5 b6 29. Rb5 g5 30. Kb2 h5 31. d6 f6 32. Bxf6 Rd7 33. Rxg5+
Kf7 34. Bc3 1-0

[Event "Titled Tue 10th Jun Early"]
[Site "chess.com INT"]
[Date "2025.06.10"]
[Round "4"]
[White "Craciun, Sasha-Matei"]
[Black "Suleymanli, Suleyman"]
[Result "0-1"]
[WhiteTitle "FM"]
[BlackTitle "FM"]
[WhiteElo "2320"]
[BlackElo "2308"]
[WhiteFideId "1281186"]
[BlackFideId "13416375"]
[EventDate "2025.06.10"]

1. e4 c5 2. Nf3 d6 3. d4 cxd4 4. Nxd4 Nf6 5. Nc3 a6 6. a3 g6 7. Be3 Bg7 8. f3
O-O 9. Qd2 Nc6 10. O-O-O d5 11. Nxc6 bxc6 12. exd5 Nxd5 13. Nxd5 cxd5 14. Qxd5
Qc7 15. Qc5 Qb8 16. Bd4 Qf4+ 17. Be3 Qf6 18. Bd4 Qf4+ 19. Be3 Qf6 20. Bd4 e5 21.
Bc3 Be6 22. Kb1 Rfc8 23. Qe3 Qe7 24. h4 Rab8 25. Ka1 Rxc3 26. Qxc3 e4 27. Qxg7+
Kxg7 28. fxe4 Qb7 29. b3 Qxe4 30. Bd3 Qxg2 31. h5 Bxb3 32. hxg6 hxg6 33. cxb3
Rxb3 34. Rb1 Rxa3# 0-1

[Event "Titled Tue 10th Jun Early"]
[Site "chess.com INT"]
[Date "2025.06.10"]
[Round "4"]
[White "Heimann, Alexander"]
[Black "Zaksaite, Salomeja"]
[Result "0-1"]
[BlackTitle "WGM"]
[WhiteElo "2238"]
[BlackElo "2133"]
[WhiteFideId "2006073"]
[BlackFideId "12801496"]
[EventDate "2025.06.10"]

1. e4 Nf6 2. e5 Nd5 3. d4 d6 4. Nf3 dxe5 5. Nxe5 c6 6. Be2 Bf5 7. O-O Nd7 8. Nf3
e6 9. c4 N5f6 10. Nc3 Bd6 11. h3 O-O 12. Qb3 Qb6 13. Be3 Qxb3 14. axb3 e5 15.
dxe5 Nxe5 16. Nxe5 Bxe5 17. Rxa7 Rxa7 18. Bxa7 Ra8 19. Be3 Ne4 20. Rc1 Nxc3 21.
bxc3 Ra3 22. g4 Be6 23. f4 Bf6 24. f5 Bd7 25. Bd1 g6 26. g5 Be5 27. f6 Bxh3 28.
Bc5 Ra2 29. Bc2 h6 30. Re1 Bg3 31. Rc1 hxg5 32. Be3 Bf4 33. Bxf4 gxf4 34. c5 Kh7
35. Be4 Kh6 36. Rd1 Kg5 37. Rd3 Kg4 38. Bf3+ Kg5 39. Bxc6 Bf5 40. Rd6 bxc6 41.
Rxc6 f3 0-1

[Event "Titled Tue 10th Jun Early"]
[Site "chess.com INT"]
[Date "2025.06.10"]
[Round "4"]
[White "Negrean, Andrei"]
[Black "Tang, Andrew"]
[Result "0-1"]
[WhiteTitle "FM"]
[BlackTitle "GM"]
[WhiteElo "2352"]
[BlackElo "2529"]
[WhiteFideId "1291513"]
[BlackFideId "2059630"]
[EventDate "2025.06.10"]

1. e4 e5 2. Nf3 Nc6 3. Nc3 Nf6 4. Bb5 Bc5 5. O-O O-O 6. Bxc6 dxc6 7. d3 Nd7 8.
Be3 Bd6 9. d4 exd4 10. Nxd4 Ne5 11. Qe2 Ng4 12. f4 Qe7 13. h3 Nxe3 14. Qxe3 Bc5
15. Na4 Bb4 16. a3 Ba5 17. b4 Bb6 18. c4 c5 19. Nb3 Bd7 20. Naxc5 Ba4 21. Rab1
a5 22. Kh1 axb4 23. axb4 Rfe8 24. e5 Red8 25. Nd2 Bc2 26. Rb2 Bf5 27. Ndb3 Rd3
28. Qe2 Rc3 29. Nd4 Bxh3 30. gxh3 Rxh3+ 31. Kg1 Qh4 32. Qe4 Raa3 33. Rg2 Rh1# 0-1

[Event "Titled Tue 10th Jun Early"]
[Site "chess.com INT"]
[Date "2025.06.10"]
[Round "4"]
[White "Martinez Alcantara, Jose Eduardo"]
[Black "Gulkov, Igor A."]
[Result "1-0"]
[WhiteTitle "GM"]
[BlackTitle "IM"]
[WhiteElo "2611"]
[BlackElo "2358"]
[WhiteFideId "3805662"]
[BlackFideId "4120973"]
[EventDate "2025.06.10"]

1. c4 Nf6 2. g3 e6 3. Bg2 d5 4. Nf3 Be7 5. O-O O-O 6. d3 c6 7. b3 Nbd7 8. Bb2 b6
9. Nc3 Bb7 10. Qc2 Rc8 11. e4 dxe4 12. dxe4 e5 13. Nd1 Qc7 14. Ne3 Rfe8 15. Rad1
Bf8 16. Rfe1 g6 17. h3 a5 18. Ng4 Nxg4 19. hxg4 Bg7 20. g5 Nc5 21. Bc1 Rcd8 22.
Be3 Ne6 23. Nh2 c5 24. Ng4 Nd4 25. Qc1 Qe7 26. f3 Rd6 27. Rd2 Red8 28. Rf2 Bc6
29. f4 exf4 30. Bxf4 R6d7 31. Qe3 Ne6 32. Nf6+ Bxf6 33. gxf6 Qf8 34. Be5 Rd3 35.
Qe2 R3d7 36. Qg4 Rd2 37. Rxd2 Rxd2 38. Qh4 h6 39. Bf4 Kh7 40. Bxd2 1-0

[Event "Titled Tue 10th Jun Early"]
[Site "chess.com INT"]
[Date "2025.06.10"]
[Round "4"]
[White "Fofanov, Ilia"]
[Black "Topalov, Aleksandar"]
[Result "0-1"]
[WhiteTitle "CM"]
[BlackTitle "CM"]
[WhiteElo "2182"]
[BlackElo "2233"]
[WhiteFideId "4158962"]
[BlackFideId "925659"]
[EventDate "2025.06.10"]

1. e4 e6 2. d4 d5 3. exd5 exd5 4. c4 Nf6 5. Nc3 Bd6 6. c5 Be7 7. Nf3 O-O 8. Bd3
b6 9. cxb6 axb6 10. O-O c5 11. Bc2 Nc6 12. h3 Re8 13. dxc5 bxc5 14. Bg5 Be6 15.
Qd3 g6 16. Ba4 Qb6 17. Bxf6 Bxf6 18. Nxd5 Bxd5 19. Qxd5 Rxa4 20. Rfe1 Raa8 21.
Qd7 Red8 22. Qg4 Nd4 23. Ng5 h6 24. Ne4 Bg7 25. Rac1 Re8 26. Re3 Re5 27. Qf4
Rae8 28. Rce1 Nf5 29. R3e2 Qe6 30. g4 Nd4 31. Re3 g5 0-1

[Event "Titled Tue 10th Jun Early"]
[Site "chess.com INT"]
[Date "2025.06.10"]
[Round "4"]
[White "Sychev, Klementy"]
[Black "Hoeffer, David"]
[Result "1-0"]
[WhiteTitle "GM"]
[BlackTitle "FM"]
[WhiteElo "2513"]
[BlackElo "2295"]
[WhiteFideId "4114060"]
[BlackFideId "24606766"]
[EventDate "2025.06.10"]

1. e4 e5 2. Nf3 d6 3. d4 exd4 4. Nxd4 Nf6 5. Nc3 Be7 6. Qf3 O-O 7. Nf5 Re8 8.
Nxe7+ Qxe7 9. Bg5 Qe5 10. Bxf6 gxf6 11. O-O-O Be6 12. Qg3+ Qxg3 13. hxg3 Nc6 14.
f3 Kg7 15. g4 a6 16. Be2 Ne5 17. Rh5 Ng6 18. Rdh1 Rh8 19. g3 c6 20. f4 Bc8 21.
Rd1 Rd8 22. Bf3 Ra7 23. Rdh1 Rh8 24. Nd1 b5 25. Ne3 Re7 26. Kd2 Nf8 27. g5 f5
28. Nxf5+ Bxf5 29. exf5 f6 30. Bxc6 Nd7 31. Bxd7 Rxd7 32. g6 h6 33. Re1 Rc7 34.
Rh2 b4 35. Rhe2 Rhc8 36. Re7+ Kg8 37. Rxc7 Rxc7 38. Re6 1-0

[Event "Titled Tue 10th Jun Early"]
[Site "chess.com INT"]
[Date "2025.06.10"]
[Round "4"]
[White "Katishonok, Nikolaj"]
[Black "Mitev, Valentin"]
[Result "0-1"]
[WhiteTitle "FM"]
[BlackTitle "FM"]
[WhiteElo "2004"]
[BlackElo "2323"]
[WhiteFideId "11600225"]
[BlackFideId "2921707"]
[EventDate "2025.06.10"]

1. Nf3 c5 2. c4 Nc6 3. d4 cxd4 4. Nxd4 Nf6 5. Nc3 Qa5 6. Nb3 Qh5 7. Nb5 Qe5 8.
g3 Qb8 9. Bg2 a6 10. N5d4 e6 11. O-O Be7 12. Nxc6 bxc6 13. c5 O-O 14. Qd4 a5 15.
Bf4 Qb5 16. Rfc1 a4 17. Nd2 Nd5 18. e4 Nxf4 19. gxf4 Ba6 20. Rc3 Qxb2 21. Rb1
Bxc5 22. Qxc5 Qxd2 23. f5 e5 24. Qxe5 Bd3 25. Rbc1 Rae8 26. Qd6 Qxa2 27. Qxd3
Rb8 28. Qg3 f6 29. e5 fxe5 30. Qxe5 Rb5 31. Qd6 Rbxf5 32. R3c2 Qf7 33. Bh3 Rxf2
34. Qxd7 Qg6+ 35. Kh1 Qe4+ 0-1